Goalkeepers are crazy : a collection of football stories /

Bibliographic Details
Main Author: Glanville, Brian
Format: Book
Language:English
Published: London : Secker & Warburg, [1964]

MARC

Tag First Indicator Second Indicator Subfields
LEADER 00000cam a2200000 4500
001 in00000970621
005 20150927114142.0
008 800214c19641963enk 00000 eng d
035 |a (OCoLC)05984984 
035 |9 AEW8249AM 
040 |a MNM  |c MNM  |d m.c.  |d UtOrBLW 
049 |a TXAM 
090 |a PR6057.L28  |b G6 1964 
100 1 |a Glanville, Brian. 
245 1 0 |a Goalkeepers are crazy :  |b a collection of football stories /  |c by Brian Glanville. 
264 1 |a London :  |b Secker & Warburg,  |c [1964] 
264 4 |c [©1963] 
300 |a 222 pages ;  |c 19 cm. 
336 |a text  |b txt  |2 rdacontent 
337 |a unmediated  |b n  |2 rdamedia 
338 |a volume  |b nc  |2 rdacarrier 
999 |a MARS 
999 f f |s 37f8638e-1fe0-36c6-99d5-fa8bdf62302c  |i b3b3c0a0-a83f-32f3-ad3c-d50c69fb012d  |t 0 
952 f f |p ric  |a Texas A&M University  |b Rellis Campus  |c Joint Library Facility  |d Remote Storage  |t 0  |e PR6057.L28 G6 1964  |h Library of Congress classification  |i unmediated -- volume  |m A14814754074 
998 f f |a PR6057.L28 G6 1964  |t 0  |l Remote Storage